000 00806nam a2200217Ii 4500
003 JO-AjNU
008 230605s9999||||xx |||||||||||||| ||und||
017 _a2000/7886
020 _a977-04-2979-1
040 _aJO-AjNU
_bara
_erda
_cJO-AjNU
041 _aara
050 1 4 _aK845 2000
100 3 _aالمسلمي، ممدوح محمد خير هاشم,
_eauthor
_946445
245 0 0 _aمشكلات البيع الإلكتروني عن طريق الانترنت في القانون المدني: دراسة مقارنة
264 3 1 _aالقاهرة: دار النهضة العربية، 2000
300 _a244ص
336 _atext
_btxt
_2rdacontent
337 _aunmediated
_bn
_2rdamedia
338 _avolume
_bnc
_2rdacarrier
650 4 _aالبيع الالكتروني - قانون مدني
_946446
999 _aA20205
_c23773
_d23773